000 01001nam a2200337Ia 4500
008 160803s9999 xx 000 0 und d
020 _a978-0439691437
100 _aStilton, Geronimo
245 _aSurf's up, Geronimo! /
245 _cGeronimo Stilton ; illustrations by Larry Keys and Toprika Topraska ; English translation by Edizioni Piemme S.p.A.
260 _aNew York :
260 _bScholastic Inc.
260 _c2005
300 _a109 pages :
300 _bcolor illustrations, maps ;
300 _c20 cm.
440 _aGeronimo Stilton ;
440 _vbk. 20
500 _aTranslation of: Hai voluta la vacanza, Stilton?
650 _aHotels --
650 _aMice --
650 _aSeashore --
650 _aStilton, Geronimo (Fictitious character) --
650 _aVacations --
650 _x Fiction.
650 _xJuvenile fiction.
650 _xJuvenile fiction.
650 _xJuvenile fiction.
650 _xJuvenile fiction.
700 _a480
999 _c298244
_d298244